000 00593nam a2200217Ia 4500
005 20220905141620.0
008 210716s2010 xx 000 0 und d
020 _a9788180940798
040 _cAIMIT LIBRARY
041 _aeng
082 _a574.88
_21
_bDEVT
100 _aDevasena,T.
_956593
245 _aBiomolecules /
_cBy T Devasena.
250 _a1st ed.
260 _aChennai :
_bMJP Publishers ,
_c2010.
300 _axvi; 264p. ;
_c21.5 cm.
650 _aCell biology
_956594
650 _aNucleic acid
_956595
650 _aEnzymes
_956596
942 _2ddc
_cBK
_e1st
_k574.88 DEVT
999 _c192345
_d192345